Real estate investing for dummies

Bibliographic Details
Main Authors: Tyson, Eric (Author), Griswold, Robert S. (Author)
Format: Book
Language:English
Published: Hooken, NJ : John Wiley and Sons 2020
Edition:4th edition
Series:For Dummies
Learning Made Easy
Subjects:

MARC

LEADER 00000cam a2200000 7i4500
001 0000030147
005 20241202.0
008 220928 nju eng
020 |a 9781119601760 
040 |a INS   |b eng   |e rda 
090 0 0 |a HD1382.5   |b T97 2020 
100 1 |a Tyson, Eric ,   |e author 
245 1 0 |a Real estate investing for dummies   |c Eric Tyson, Robert S Griswold 
250 |a 4th edition 
264 1 |a Hooken, NJ :   |b John Wiley and Sons   |c 2020 
264 4 |c ©2020 
300 |a xviii, 434 pages ;   |c 24 cm. 
336 |a text  |2 rdacontent 
337 |a unmediated  |2 rdamedia 
338 |a volume  |2 rdacarrier 
490 1 |a For Dummies 
490 1 |a Learning Made Easy 
500 |a Include index 
650 0 |a Real estate investment 
650 0 |a Real estate investment   |z United States 
700 1 |a Griswold, Robert S. ,   |e author 
999 |a 1000004606   |b BOOK   |c Open Shelf   |e Default branch